000 00419nam a2200181Ia 4500
008 210210b2019 xxu||||| |||| 00| 0 eng d
020 _a9789388151757
041 _aeng
082 _a535.84 KAUS
100 _aKAUR (H)
245 _aSpectroscopy Ed 16
250 _a
260 _aMeerut
_bPragaati Prakashan
_c2019
300 _axvi,1219
650 _aSpectroscopy
690 _aSpectroscopy
906 _a073646
999 _c123393
_d123393